European journal of information systems
Saved in:
| Corporate Author: | |
|---|---|
| Format: | Serial |
| Language: | English |
| Published: |
Hampshire, UK. :
Operational Research Society,
1991-
|
| Subjects: | |
| Tags: |
Add Tag
No Tags, Be the first to tag this record!
|
MARC
| LEADER | 00000nas a2200000 i 4500 | ||
|---|---|---|---|
| 001 | 1/103931 | ||
| 008 | 000303c19919999 eng d | ||
| 022 | |a 0960085X | ||
| 035 | |l 10058656 | ||
| 040 | |a GR-MY-UA |b gre |e aacr | ||
| 041 | 0 | |a eng | |
| 082 | 0 | |a 658.403801105 | |
| 245 | 1 | 0 | |a European journal of information systems |h [περιοδικό] |
| 246 | 3 | 3 | |a EJIS |
| 260 | |a Hampshire, UK. : |b Operational Research Society, |c 1991- | ||
| 300 | |a v.; |b ill.; |c 28 cm. | ||
| 310 | |a Quarterly, Jan. 1993- | ||
| 650 | 0 | 0 | |a Information technology |x Periodicals. |
| 650 | 0 | 0 | |a Information technology |z Europe |v Periodicals. |
| 650 | 0 | 0 | |a Management information systems |x Periodicals. |
| 650 | 0 | 0 | |a Management information systems |z Europe |x Periodicals. |
| 710 | 2 | |a Operational Research Society (Great Britain) | |
| 853 | |a INST |b SAMOS |c SER | ||
| 922 | |a 3ΕΛΗ |b 199502 |c ΤΜΗΜΑ ΜΑΘΗΜΑΤΙΚΩΝ |d SWETS | ||